000 00833nam a2200193Ia 4500
008 151121s9999||||xx |||||||||||||| ||und||
082 _a920/भुर्के
082 _bHNW-118392
100 _aभुर्के श्याम
245 _aशून्यातून विश्व निर्माण करणारे डीएसके
260 _b"उत्कर्ष प्रकाशन, पुणे।"
260 _c2015
300 _a144
600 _aभुर्के श्याम
630 _aशून्यातून विश्व निर्माण करणारे डीएसके
700 _aभुर्के श्याम
730 _aशून्यातून विश्व निर्माण करणारे डीएसके
942 _cBOOK
999 _c1265916
_d1265913